000 00680nam a2200265Ia 4500
005 20260123165631.0
008 008 260114s9999 xx 000 0 eng d
020 _a9781292070889
037 _aEBOOK
040 _aCRL
040 _beng
040 _cCRL
041 _2eng
041 _aeng
084 _qCRL
100 _aRobert J. Art, Robert Jervis
_91106754
245 0 _aInternational Politics: Enduring Concepts and Contemporary, 12 ed.
260 _aPearson
260 _bPearson
260 _c2014
856 _uhttps://ebooks.elibrary.in.pearson.com/wr/launchbook.html?id=12032024
942 _cEBOOK
999 _c1671871
_d1671871